000 00425nam a2200181Ia 4500
001 24138
005 20260414151023.0
008 260414t2007||||xx |||||||||||||| ||spa||
041 _aESP
082 _a781.6285
_bB38
100 _aBellenger, Xavier
_eAUT
245 0 _aEl espacio musical andino
_b
260 _c2007
300 _a321 páginas :
_c24 cm.
650 _aABD
654 _aCAU
942 _cLIB
_dJUS
_fJUS
_2ddc
_n
999 _c24138
_d24138